000 01332nam a22002537a 4500
999 _c6538
_d6538
003 AR-CdUCM
008 190318b ||||| |||| 00| 0 spa d
040 _aMUNICIPALIDAD PROVINCIAL DEL CUSCO
_cBIBLIOTECA MUNICIPAL DEL CUSCO
082 _a869.56 /
_bAV95
100 _aAvendaño, Angel
_9875
245 _aHistoria de la Literatura del Qosqo /
_bDel tiempo Mítico al siglos XX :
260 _aCusco :
_bMunicipalidad del Cusco,
_c1993.
300 _a3 tomos ;
_bIlustraciones,
_c22 cm.
505 _aContenido : t.1: Marco de referencia : conflicto y deslindes -- ¿Existe literatura del Qosqo? -- Historia y vida -- Qosqo en su Literatura -- Poesía quechua inka -- t.2: Retorno a las arcillas : Literatura del siglo XX en el Qosqo -- Jose Uriel Garcia: Lección incesante -- Luis Valcarcel : su despertar Qosqoruna -- Jose Gabriel Cosio : la leyenda del sabio -- Alberto Delgado : Tardíos modernistas -- t.3: Cristobal de Molina -- Inka Garcilaso de la Vega -- Ignacio de Castro -- Clorinda Matto de Turner -- Poesía...
650 _aLiteratura Peruana
_9132
650 _aPoesía Cusqueña
_92323
650 _aSiglo XX
_98
650 _aInkas
_91899
650 _aTiempo mítico
_918470
650 _aNarración Prehispanicas
_918471
710 _aMunicipalidad del Cusco
_9876
942 _2ddc
_cLIBROS
945 _awnts